| 000 | 00481nam a2200193Ia 4500 | ||
|---|---|---|---|
| 003 | OSt | ||
| 005 | 20230420095739.0 | ||
| 008 | 210423s2011 xx 000 0 und d | ||
| 040 | _cAL | ||
| 041 | _aeng | ||
| 082 |
_a658.15 _223 _b MISB |
||
| 100 |
_aMISHRA (Bishnupriya);DEBASISH (S S). _990785 |
||
| 245 | _aFinancial derivatives. | ||
| 260 |
_aNew Delhi _bExcel Books _c2011 |
||
| 300 | _bPB | ||
| 365 |
_b250 _cINR |
||
| 906 | _aderivatives. ; Financial | ||
| 942 |
_2ddc _cBK |
||
| 999 |
_c160773 _d160773 |
||